NFL Thanksgiving awards winners Quiz Stats

 Plays Quiz not verified by Sporcle

Score 0/45 Timer 08:00
0 Plays Today
Year/Team/Position Player % Correct
1994: Green Bay Packers-QBBrett Favre
95.7%
2001: Green Bay Packers-QBBrett Favre
95.7%
2007: Green Bay Packers-QBBrett Favre
94.3%
1994: Dallas Cowboys-RBEmmitt Smith
91.9%
2002: Dallas Cowboys-RBEmmitt Smith
91.9%
2002: Dallas Cowboys-RBEmmitt Smith
91.9%
2006: Dallas Cowboys-QBTony Romo
88.6%
2006: Dallas Cowboys-QBTony Romo
88.6%
1991: Detroit Lions-RBBarry Sanders
86.2%
1990: Dallas Cowboys-QBTroy Aikman
85.2%
2000: Minnesota Vikings-RBRobert Smith
85.2%
1992: Dallas Cowboys-RBEmmitt Smith
82.9%
1996: Dallas Cowboys-RBEmmitt Smith
82.9%
1998: Minnesota Vikings-WRRandy Moss
82.4%
2000: Minnesota Vikings-WRRandy Moss
82.4%
2005: Atlanta Falcons-QBMichael Vick
81.9%
2005: Atlanta Falcons-QBMichael Vick
81.9%
2004: Indianapolis Colts-QBPeyton Manning
80.5%
2009: Green Bay Packers-WRDonald Driver
77.6%
1989: Philadelphia Eagles-DEReggie White
71%
2001: Green Bay Packers-RBAhman Green
69%
2008: Dallas Cowboys-DEDeMarcus Ware
68.6%
2004: Dallas Cowboys-RBJulius Jones
67.6%
Year/Team/Position Player % Correct
2004: Dallas Cowboys-RBJulius Jones
67.6%
2000: Minnesota Vikings-QBDaunte Culpepper
64.3%
1995: Detroit Lions-WRHerman Moore
51%
1998: Detroit Lions-WRHerman Moore
51%
1994: Green Bay Packers-WRSterling Sharpe
48.1%
2002: New England Patriots-WRTroy Brown
48.1%
2001: Denver Broncos-RBMike Anderson
45.7%
2003: Miami Dolphins-QBJay Fiedler
40%
2006: Miami Dolphins-QBJoey Harrington
37.1%
1994: Dallas Cowboys-QBJason Garrett
36.7%
2003: Detroit Lions-CBDre Bly
33.8%
2003: Detroit Lions-CBDre Bly
33.8%
2000: Detroit Lions-QBCharlie Batch
24.8%
1995: Detroit Lions-WRJohnnie Morton
18.1%
1999: Detroit Lions-WRJohnnie Morton
18.1%
1995: Detroit Lions-WRBrett Perriman
15.2%
2005: Denver Broncos-RBRon Dayne
11.9%
1997: Detroit Lions-DTLuther Ellis
11.4%
1999: Detroit Lions-QBGus Frerotte
10%
1999: Dallas Cowboys-LinebackerDexter Coakley
7.1%
1999: Detroit Lions-WRGermane Crowell
6.7%
1993: Detroit Lions-DERichard Dent
3.8%

You're not logged in!

Compare scores with friends on all Sporcle quizzes.
OR
Log In

Sporcle TV

Today on Sporcle TV


Watch our educational content, quiz creation guides, and fun videos on Sporcle TV.

Show Comments

Extras

Top Quizzes Today


Score Distribution

Your Account Isn't Verified!

In order to create a playlist on Sporcle, you need to verify the email address you used during registration. Go to your Sporcle Settings to finish the process.

Report this User

Report this user for behavior that violates our Community Guidelines.

Details: